[Event "Landesliga Sued U20 1819"]
[Site "Bayern"]
[Date "2018.12.08"]
[Round "2.3"]
[White "Buehler, David"]
[Black "Piffczyk, Maik"]
[Result "1-0"]
[WhiteElo "1599"]
[BlackElo "1290"]
[PlyCount "99"]
[EventDate "2018.11.17"]
[EventType "team-tourn"]
[EventRounds "7"]
[EventCountry "GER"]
[SourceTitle "EXT 2022"]
[Source "ChessBase"]
[SourceDate "2021.10.06"]
[SourceVersion "1"]
[SourceVersionDate "2021.10.06"]
[SourceQuality "1"]
[WhiteTeam "Haar U20"]
[BlackTeam "Garching U20"]
[WhiteTeamCountry "GER"]
[BlackTeamCountry "GER"]

1. d4 d5 2. c4 dxc4 3. e3 Nf6 4. Bxc4 Bg4 5. Qb3 e6 6. Qxb7 Nbd7 7. Nc3 Nb6 8. Qc6+ Qd7 9. Qxd7+ Nfxd7 10. Bb5 Bd6 11. f3 Bh5 12. Nge2 Bg6 13. e4 Ke7 14. Be3 f6 15. 0-0 Be8 16. Nf4 Bxf4 17. Bxf4 e5 18. dxe5 Nxe5 19. Be2 Bc6 20. Rac1 Nbd7 21. Be3 a5 22. Rfd1 Rhd8 23. f4 Nf7 24. Nd5+ Bxd5 25. Rxd5 Rac8 26. Rxa5 Nd6 27. e5 fxe5 28. fxe5 Nf7 29. Bf4 c5 30. Bg4 c4 31. e6 Nf6 32. Ra7+ Kf8 33. Rxf7+ Ke8 34. Rxg7 Rc6 35. Bg5 Nxg4 36. Bxd8 Kxd8 37. Rxg4 Rxe6 38. Rgxc4 Ke7 39. Rc7+ Kf8 40. Rb7 h6 41. Rc8+ Re8 42. Rxe8+ Kxe8 43. a4 Kd8 44. g4 Kc8 45. Rf7 Kd8 46. a5 Kc8 47. h4 Kd8 48. a6 Kc8 49. a7 Kd8 50. a8Q# 1-0

[Event "Landesliga Sued U20 1819"]
[Site "Bayern"]
[Date "2018.11.17"]
[Round "1.3"]
[White "Prinzen, Siri Marleen"]
[Black "Buehler, David"]
[Result "1-0"]
[WhiteElo "1493"]
[BlackElo "1599"]
[PlyCount "50"]
[EventDate "2018.11.17"]
[EventType "team-tourn"]
[EventRounds "7"]
[EventCountry "GER"]
[SourceTitle "EXT 2022"]
[Source "ChessBase"]
[SourceDate "2021.10.06"]
[SourceVersion "1"]
[SourceVersionDate "2021.10.06"]
[SourceQuality "1"]
[WhiteTeam "Muenchen Tarrasch U20"]
[BlackTeam "Haar U20"]
[WhiteTeamCountry "GER"]
[BlackTeamCountry "GER"]

1. e4 c6 2. d4 d5 3. e5 c5 4. Nf3 cxd4 5. Nxd4 e6 6. Nc3 Nc6 7. Nxc6 bxc6 8. Be3 c5 9. Bb5+ Bd7 10. Bxd7+ Qxd7 11. Bd2 Ne7 12. 0-0 Nc6 13. Bf4 Be7 14. Qg4 g5 15. Bd2 Nxe5 16. Qe2 Nc4 17. Rab1 Nxd2 18. Qxd2 0-0 19. f4 gxf4 20. Rxf4 f5 21. Rf3 Rf7 22. Qh6 Kh8 23. Rh3 Rg8 24. Re1 Rg6 25. Qxg6 Bf6 1-0